Prénoms garçon 1992 - Statistiques

Statistiques générales
  • Ce quiz a été pris 900 fois
    499 depuis la dernière actualisation
  • Le résultat moyen est 55 sur 100
Statistiques - réponses
Hint Lettre Prénoms % Correct
47 J Jean
89%
3 T Thomas
88%
6 J Julien
87%
2 K Kevin
87%
11 A Antoine
86%
14 P Pierre
82%
1 A Alexandre
81%
17 Q Quentin
81%
31 P Paul
80%
5 N Nicolas
78%
7 R Romain
77%
81 T Théo
77%
32 B Baptiste
76%
22 M Mathieu
75%
15 V Valentin
75%
16 A Alexis
74%
74 L Louis
74%
4 M Maxime
74%
44 V Victor
71%
8 A Anthony
70%
89 G Gabriel
70%
90 X Xavier
69%
71 C Charles
68%
20 D David
68%
76 L Léo
68%
18 V Vincent
68%
85 Y Yann
68%
19 C Clément
67%
56 O Olivier
67%
9 B Benjamin
66%
13 F Florian
66%
50 F François
66%
40 A Arthur
65%
46 L Lucas
65%
12 G Guillaume
64%
80 J/B Jean Baptiste
64%
63 M Marc
63%
77 W William
63%
42 B Bastien
62%
24 D Damien
62%
49 F Florent
62%
39 H Hugo
62%
10 J Jeremy
62%
23 S Sebastien
62%
21 A Adrien
61%
38 F Fabien
60%
35 S Simon
58%
36 B Benoît
57%
52 C Christophe
57%
75 M Martin
57%
51 R Raphaël
57%
60 S Stéphane
57%
33 A Arnaud
55%
41 J Jérôme
55%
79 A Axel
54%
70 F Franck
53%
55 M Matthieu
53%
66 S Samuel
53%
72 C Corentin
52%
93 L Laurent
52%
69 G Grégory
51%
25 J Jonathan
50%
29 J Jordan
50%
26 A Aurélien
49%
92 F Frédéric
49%
86 M Maxence
49%
28 R Rémi
49%
27 T Thibault
48%
34 C Cédric
46%
83 T Tristan
45%
99 Y Yohan
45%
68 E Etienne
44%
96 M Mathias
43%
37 M Mickaël
42%
48 S Sylvain
42%
95 D Dorian
41%
54 L Ludovic
41%
30 L Loïc
40%
78 R Rémy
39%
82 E Emmanuel
38%
43 G Gaëtan
38%
73 M Michaël
37%
53 R Robin
37%
64 T Thibaut
33%
88 B Brice
32%
57 Y Yoann
32%
45 C Christopher
31%
62 C Cyril
31%
58 D Dimitri
30%
98 J Johan
30%
67 T Tony
28%
91 B Bryan
27%
61 S Steven
24%
87 J Jason
22%
84 M Morgan
21%
59 J Jimmy
20%
97 E Édouard
19%
94 M Mehdi
15%
100 T Teddy
15%
65 G Geoffroy
14%
Aucun quiz correspondant
Distribution des résultats
% des personnes avec chaque résultat
Percentile par nombre de réponses
Votre historique - résultats
Vous n’avez pas pris ce quiz depuis la dernière actualisation